000 01016nam a2200229Ia 4500
999 _c36228
_d36228
001 2131
003 GE_BSU
005 20190514195328.0
008 181216s1973||||ge |||||||||||||| ||geo||
040 _cGE_BSU
041 _ageo
080 _a655.11(479.22) კ–33
100 _aკასრაძე, ოთარ
_91154
245 _cოთარ კასრაძე.
_aძველი ქართული ნაბეჭდი წიგნი /
264 _aთბილისი :
_b საბჭ. საქართველო,
_c1973.
300 _a246 გვ. :
_b ილ.,
_c21 სმ.
504 _aძველ ქართულ სასტამბო ტერმინთა და ცნებათა განმარტება: გვ. 243-246.
541 _h7 ლ.
653 _aქართული ნაბეჭდი წიგნები
653 _a წიგნის ბეჭდვის ისტორია საქართველოში
942 _cBK
_2udc